000 00388 a2200157 4500
003 NUST
005 20230309132815.0
040 _cNust
082 _a891.439,RAZ
100 _aRaza, Saulat
_9110082
245 _aKakuliyat / کاکولیات (Urdu) /
_cSaulat Raza
260 _aLahore
_bAl Fasil
300 _a144 p.;
650 _aUrdu Afsany
_9109752
942 _2ddc
_cBK
_k891.439,RAZ
999 _c188145
_d188145